00399 2200169 4500001002100000008004100021035002000062245005500082100001800137250000600155260000900161300001100170084001400181082000800195650001400203990001200217INLIS000000000000279 ind  a0010-0424000255 aDiktat Biologi Kelas XII Semester 1cTitik Yuli S. aYuli S, Titik a1 c2017 a84 hlm a574 TIT d a574 aReferensi a0732339